| 000 | 01087nam a22002657a 4500 | ||
|---|---|---|---|
| 999 |
_c18162 _d18162 |
||
| 003 | AR-CdUCM | ||
| 008 | 190513b ||||| |||| 00| 0 spa d | ||
| 020 | _a968-451-062-4 | ||
| 040 |
_aMUNICIPALIDAD PROVINCIAL DEL CUSCO _cBIBLIOTECA MUNICIPAL DEL CUSCO |
||
| 041 | _heng | ||
| 082 |
_a025.171 / _bK16 |
||
| 100 |
_aKahn, Gilbert _938590 |
||
| 245 | _aSistemas de archivo y manejo de documentos / | ||
| 260 |
_aBogotá : _bMcGraw-Hill Latino Americana, _c1980. |
||
| 300 |
_a230 páginas ; _bfiguras, cuadros, _c24.5 cm. |
||
| 505 | _aContenido: Manejo de documentos y sistemas comerciales -- Manejo de tarjetas de registro y formas comerciales -- Reglas para clasificar alfabéticamente -- Manejo de la correspondencia general -- Sistema de archivo alfabético ... | ||
| 650 |
_aArchivos _96133 |
||
| 650 |
_aOrganización _94866 |
||
| 650 |
_aDocumentos y archivos _938591 |
||
| 700 |
_aYerian, Theodore _938592 |
||
| 700 |
_aStewart, Jeffrey R. (coautores) _938593 |
||
| 700 |
_aDueñas, Beatriz de (traducción) _938594 |
||
| 942 |
_2ddc _cLIBROS |
||
| 945 |
_aachl _d2019-05-13 |
||